000 00606nam a22001697a 4500
003 AUA.1
005 20251021141304.0
008 250711b |||||||| |||| 00| 0 eng d
040 _cJTL
100 _aAhibake, Danho Ezechiel
245 _aHouse church as a model for church growth for the seventh-day Adventist Church in Point E, Dakar - Senegal /
_cAhibake Danho Ezechiel.
260 _cc2025.
300 _axi, 154 leaves :
_bIllustrations :
_c30cm.
610 _aSeventh-day Adventist Church
_zDakar, Senegal
650 _aChurch development, New
942 _2aua
_cTHESIS
_hMDiv
_i.A35 2025
999 _c25198
_d25198